000 00852nam a2200205 i 4500
001 84537
003 ES-MaACL
005 20250531063029.0
007 t|
008 041123s1950 sp ||||1| spa d
100 1 _aJiménez de Gregorio, Fernando,
_d1911-2012
_966505
245 1 3 _aLa Ciudad de Vascos (estudios arqueológicos) /
_cpor Fernando Giménez de Gregorio.
260 _aToledo :
_b[s.n.,
_c1950]
300 _a32 p., 2 lám. ;
_c24 cm.
500 _aEs separata de: Boletín de la Real Academia de Bellas Artes y Ciencias Históricas de Toledo. Años XXVI-XXVII. Nº 63-63.
500 _aPrecede al tít.: Real Academia de Bellas Artes y Ciencias Históricas de Toledo.
710 2 _aReal Academia de Bellas Artes y Ciencias Históricas de Toledo.
_96297
852 _aES-MaACL
_j1916-F-22
_bR.30823
999 _c84537
_d84537